000 00972nas a2200313 4500
001 BR2019001056
003 BR-BrBNA
005 20231205131701.0
007 ta
008 230509b bl.|||p| |||| 00| 00por d
040 _aBR-BrBNA
_bpor
_cBiblioteca Nacional de Agricultura
041 _a(Pt)
072 _aH10
100 1 _aSmith, G.E
100 1 _aAbreu, J.M. de
100 1 _aVentocilla, J.A.
245 1 _aCompetição de inseticidas no combate ao tripes do cacaueiro, Selenothrips rubrocinctus (Giard), no Espírito Santo, Brasil
650 _aPRAGA DE PLANTA
650 _aTRIPES
650 _aSELENOTHRIPS RUBROCINCTUS
650 _aCACAU
650 _aINSETICIDA
650 _aERRADICAÇÃO
650 _aDEFESA VEGETAL
773 0 _tRevista Theobroma (Brazil)
_xISSN 0370-7962
_g(Jan-Mar 1971), v. 1(1) p. 15-21
_wBR2019001056
856 4 0 _dLink DSPACE/MAPA BR2019001056
909 _a202311
_bLúcia
_c55
_dLúcia Elande
942 _2AGRIS
_n0
_cANA
999 _c256107
_d256107